|
|
|
|
| LEADER |
00000nab a2200000 ar4500 |
| 001 |
vtls009468132 |
| 003 |
SK-MaSNL |
| 005 |
20260304151746.0 |
| 008 |
250506c2008 xo |||||||||||000 b|slo |
| 015 |
|
|
|a SNBRB2009/02
|2 snkbucl
|
| 035 |
|
|
|a (uuid)48ede739-3639-401d-8c31-765772190096
|
| 035 |
|
|
|a urn:nbn:sk:snk-ab1w60
|
| 035 |
|
|
|a (urnnbn)urn:nbn:sk:snk:ar-a0142e
|
| 038 |
|
|
|a SNKBUCL
|
| 040 |
|
|
|a SNKBUCL
|b slo
|c SNKBUCL
|e AACR2
|
| 041 |
0 |
|
|a slo
|
| 044 |
|
|
|a xo
|c SK
|
| 080 |
|
|
|a 623.443.3
|2 2001
|
| 100 |
1 |
|
|a Šramek, Tomáš
|4 aut
|9 1061752
|
| 245 |
1 |
0 |
|a FN Browning 1922
|b old timer
|c Tomáš Šramek
|
| 300 |
|
|
|b Obr., tab.
|
| 650 |
0 |
7 |
|a FN Browning 1922 (pištoľ)
|2 snkbucl
|9 1473375
|
| 650 |
0 |
7 |
|a samonabíjacie pištole
|2 snkbucl
|9 1039520
|
| 773 |
0 |
|
|t Zbrane, strelci a lovci
|g Roč. IX, č. 10 (2008), s. 10-12
|x 1335-5740
|
| 850 |
|
|
|a Slovenská národná knižnica
|
| 852 |
|
|
|a Slovenská národná knižnica
|
| 954 |
|
|
|a odborná, vedecká literatúra pôvodná (slovenská)
|2 lita
|
| 958 |
|
|
|a article27
|
| 958 |
|
|
|a OND
|
| 958 |
|
|
|a EUIPO
|
| 999 |
|
|
|c 2945621
|d 2947551
|